Najvýznamnejším rizikom je závislosť od ruskej ropy

Ropovodný systém SR a jeho začlenenie do európskej siete ropovodov. Situácia vo svete a vývoj dopytu po rope. Preprava a skladovanie ropy v regióne - Slovenská republika, Česká republika, Ukrajina, Južné Nemecko. Potenciálne možnosti SR - maximalizácia objemu prepravy. Očakávaný objem prepravovanej...

Descrizione completa

Salvato in:
Dettagli Bibliografici
Natura: Capitolo di libro
Lingua:slovacco
Soggetti:
Tags: Aggiungi Tag
Nessun Tag, puoi essere il primo ad aggiungerne!!

MARC

LEADER 00000naa a2200000 4500
001 r043622
005 20230801095401.1
041 0 |a slo 
044 |a SK 
245 1 0 |a Najvýznamnejším rizikom je závislosť od ruskej ropy 
520 |a Ropovodný systém SR a jeho začlenenie do európskej siete ropovodov. Situácia vo svete a vývoj dopytu po rope. Preprava a skladovanie ropy v regióne - Slovenská republika, Česká republika, Ukrajina, Južné Nemecko. Potenciálne možnosti SR - maximalizácia objemu prepravy. Očakávaný objem prepravovanej ropy cez územie SR. Očakávaný objem skladovanej ropy. 
610 2 0 |a ropa 
610 2 0 |a ropovody 
610 2 0 |a preprava 
610 2 0 |a skladovanie 
610 2 0 |a analýza ekonomická 
610 2 0 |a prostredie ekonomické 
610 2 0 |a Slovensko 
610 2 0 |a Česko 
610 2 0 |a Ukrajina 
610 2 0 |a Nemecko 
610 2 0 |a svet